Miesto marketingu v systéme Balanced Scorecard

Príspevok upozorňuje na bariéry v tradičných manažérskych systémoch. Čo je to Balanced Scorecard. Stanovenie si reálneho cieľa. Riadenie podnikovej stratégie.

Salvato in:
Dettagli Bibliografici
Autore principale: Čentéšová, Katarína
Natura: Capitolo di libro
Lingua:slovacco
Soggetti:
Tags: Aggiungi Tag
Nessun Tag, puoi essere il primo ad aggiungerne!!

MARC

LEADER 00000nla$a2200000$$$4500
001 0117114
005 20221207083528.7
041 0 |a slo 
044 |a SK 
245 1 0 |a Miesto marketingu v systéme Balanced Scorecard  |c Katarína Čentéšová 
520 |a Príspevok upozorňuje na bariéry v tradičných manažérskych systémoch. Čo je to Balanced Scorecard. Stanovenie si reálneho cieľa. Riadenie podnikovej stratégie. 
610 2 0 |a podnik 
610 2 0 |a systémy riadenia 
610 2 0 |a metóda BSC 
610 2 0 |a riadenie strategické 
100 1 |a Čentéšová, Katarína